Normal view
MARC view
- Trefethen, Lloyd N.
Entry Personal Name
001 - CONTROL NUMBER
- control field: 35597
003 - CONTROL NUMBER IDENTIFIER
- control field: NUST
005 - DATE AND TIME OF LATEST TRANSACTION
- control field: 20210112160339.0
008 - FIXED-LENGTH DATA ELEMENTS
- fixed length control field: 210112|| aca||aabn | a|a d
040 ## - CATALOGING SOURCE
- Original cataloging agency: NUST
- Transcribing agency: NUST
100 ## - HEADING--PERSONAL NAME
- Personal name: Trefethen, Lloyd N.
- Fuller form of name: (Lloyd Nicholas)
670 ## - SOURCE DATA FOUND
- Source citation: Work cat.: (NUST)0: Trefethen, Lloyd N. (Lloyd Nicholas), Numerical Linear Algebra , 1997.
